| 000 | 07033cam a22020414i 4500 | ||
|---|---|---|---|
| 003 | PE-LiUPU | ||
| 005 | 20250813165659.0 | ||
| 008 | 150625s2004 mx a rb 000 0 spa d | ||
| 020 | _a9701051076 | ||
| 020 | _a9789701051078 | ||
| 035 | _a(Sirsi) i9789701051078 | ||
| 040 |
_aPE-LiUPU _bspa _cPE-LiUPU _dPE-LiUPU _erda |
||
| 049 | _aPRUA | ||
| 082 | 0 | 4 |
_a610.73677 _bB8520041 _221 |
| 082 | 0 | 4 |
_a610.73677 _bS61 2005 V1 |
| 100 | 1 |
_aBrunner, Lillian Sholtis, _eautor. |
|
| 245 | 1 | 0 |
_aEnfermería medicoquirúrgica / _cBrunner y Suddarth ; editores, Suzanne C. Smeltzer y Brenda G. Bare. |
| 250 | _a10a edición. | ||
| 264 | 1 |
_aMéxico : _bMcGraw-Hill Interamericana, _c2004. |
|
| 300 |
_a1372 páginas : _bilustraciones ; _c28 centímetros |
||
| 336 |
_atext _2rdacontent |
||
| 337 |
_aunmediated _2rdamedia |
||
| 338 |
_avolume _2rdacarrier |
||
| 504 | _aBibliografía al final de cada capítulo. | ||
| 505 | 0 | _aConceptos básicos de enfermería -- Conceptos biofísicos y psicosociales en la práctica de enfermería -- Conceptos y retos en al tratamiento del paciente -- Conceptos y asistencia de enfermería del paciente quirúrgico -- Intercambio gaseoso y función respiratoria -- Funciones cardiovasculares, circulatorias y hematológicas -- Función digestiva y gastrointestinal -- Función metabólica y endocrina -- Funciones renal y urinaria -- Función reproductora -- Función inmunitaria -- Función integumentaria -- Función sensor neural -- Función neurológica -- Función musculo esquelética -- Otros problemas agudos. | |
| 526 | _aP203 | ||
| 526 | _aP200 | ||
| 526 | _aSEG65 | ||
| 526 | _aSEG64 | ||
| 526 | _aSEG63 | ||
| 526 | _aSEG62 | ||
| 526 | _aSEG61 | ||
| 526 | _aSEG60 | ||
| 526 | _aSEG59 | ||
| 526 | _aSEG58 | ||
| 526 | _aSEG57 | ||
| 526 | _aSEG56 | ||
| 526 | _aSEG55 | ||
| 526 | _aSEG54 | ||
| 526 | _aSEG53 | ||
| 526 | _aSEG52 | ||
| 526 | _aSEG51 | ||
| 526 | _aSEG50 | ||
| 526 | _aSEG49 | ||
| 526 | _aSEG48 | ||
| 526 | _aSEG47 | ||
| 526 | _aSEG46 | ||
| 526 | _aSEG24 | ||
| 526 | _aSEG23 | ||
| 526 | _aSEG22 | ||
| 526 | _aSEG21 | ||
| 526 | _aSEG20 | ||
| 526 | _aSEG19 | ||
| 526 | _aSEG18 | ||
| 526 | _aSEG17 | ||
| 526 | _aSEG16 | ||
| 526 | _aSEG14 | ||
| 526 | _aSEG13 | ||
| 526 | _aSEG12 | ||
| 526 | _aSEG11 | ||
| 526 | _aSEG10 | ||
| 526 | _aSEG09 | ||
| 526 | _aSEG06 | ||
| 526 | _aSEG05 | ||
| 526 | _aSEG04 | ||
| 526 | _aSEG03 | ||
| 526 | _aSEG02 | ||
| 526 | _aSEG68 | ||
| 526 | _aSEG66 | ||
| 526 | _aSEG45 | ||
| 526 | _aSEG25 | ||
| 526 | _aSEG01 | ||
| 526 | _aP163 | ||
| 526 | _aP162 | ||
| 526 | _aP161 | ||
| 526 | _aP160 | ||
| 526 | _aP159 | ||
| 526 | _aP158 | ||
| 526 | _aP157 | ||
| 526 | _aP156 | ||
| 526 | _aP155 | ||
| 526 | _aP154 | ||
| 526 | _aP153 | ||
| 526 | _aP152 | ||
| 526 | _aP151 | ||
| 526 | _aP150 | ||
| 526 | _aP149 | ||
| 526 | _aP142 | ||
| 526 | _aP141 | ||
| 526 | _aP140 | ||
| 526 | _aP139 | ||
| 526 | _aP138 | ||
| 526 | _aP137 | ||
| 526 | _aP132 | ||
| 526 | _aP131 | ||
| 526 | _aP130 | ||
| 526 | _aP126 | ||
| 526 | _aP125 | ||
| 526 | _aP124 | ||
| 526 | _aP123 | ||
| 526 | _aP115 | ||
| 526 | _aP122 | ||
| 526 | _aP121 | ||
| 526 | _aP116 | ||
| 526 | _a P114 | ||
| 526 | _aP112 | ||
| 526 | _aP111 | ||
| 526 | _aP104 | ||
| 526 | _aP103 | ||
| 526 | _aP102 | ||
| 526 | _aP101 | ||
| 526 | _aP100 | ||
| 526 | _aP96 | ||
| 526 | _aP95 | ||
| 526 | _aP93 | ||
| 526 | _aP92 | ||
| 526 | _aP91 | ||
| 526 | _aP88 | ||
| 526 | _aP83 | ||
| 526 | _aP82 | ||
| 526 | _aP79 | ||
| 526 | _aP78 | ||
| 526 | _aP75 | ||
| 526 | _aP74 | ||
| 526 | _aP71 | ||
| 526 | _aP69 | ||
| 526 | _a P51 | ||
| 526 | _aP49 | ||
| 526 | _aP48 | ||
| 526 | _aP47 | ||
| 526 | _aP33 | ||
| 526 | _aP31 | ||
| 526 | _a P30 | ||
| 526 | _aP29 | ||
| 526 | _aP27 | ||
| 526 | _aP26 | ||
| 526 | _aP25 | ||
| 526 | _aP24 | ||
| 526 | _a P22 | ||
| 526 | _aP10 | ||
| 526 | _aP09 | ||
| 526 | _a P08 | ||
| 526 | _aP06 | ||
| 526 | _aP05 | ||
| 526 | _aP04 | ||
| 526 | _aP01 | ||
| 541 | _g001-0002690; | ||
| 541 | _g001-0002802; | ||
| 541 | _g001-0002610; | ||
| 541 | _g001-0002610; | ||
| 541 | _g002-000032; | ||
| 650 | 0 | 4 |
_aEnfermería. _93122 |
| 650 | 0 | 4 |
_aEnfermería quirúrgica. _9747 |
| 700 | 1 |
_aSuddarth, Doris Smith, _eautor. |
|
| 700 | 1 |
_aSmeltzer, Suzanne C., _eeditor. |
|
| 700 | 1 |
_aBare, Brenda G., _eeditor. |
|
| 942 |
_2ddc _cBOOK |
||
| 949 |
_a610.73677 B85 1 2004 _wDEWEY _c1 _i58753 _lCCODEBUL1 _mBUL _p42.00 _r0 _sY _tBOOK _u2015-6-25 _xSALUD _PP22 _0COMPRA _o.STAFF. Colección Ciencias de la Salud |
||
| 949 |
_a610.73677 B85 1 2004 _wDEWEY _c2 _i60735 _lCCODEBUL1 _mBUL _p36.00 _r0 _sY _tBOOK _u2015-6-25 _xINGENIERIA _PP26 _0COMPRA _o.STAFF. Colección Ciencias de la Salud |
||
| 949 |
_a610.73677 B85 1 2004 _wDEWEY _c3 _i57637 _lCCODEBUL1 _mBUL _p105.00 _r0 _sY _tBOOK _u2015-6-25 _xSALUD _PP22 _0COMPRA _o.STAFF. Colección Ciencias de la Salud |
||
| 949 |
_a610.73677 B85 1 2004 _wDEWEY _c4 _i57638 _lCCODEBUL1 _mBUL _p105.00 _r0 _sY _tBOOK _u2015-6-25 _xSALUD _PP22 _0COMPRA _o.STAFF. Colección Ciencias de la Salud |
||
| 949 |
_a610.73677 B85 1 2005 _wDEWEY _c5 _i57757 _lCCODEBUL1 _mBUL _p173.00 _r0 _sY _tBOOK _u2015-6-25 _xSALUD _PP22 _0COMPRA _o.STAFF. Colección Ciencias de la Salud |
||
| 949 |
_a610.73677 S61 2005 V1 _wDEWEY _c1 _iFJ03105 _lCCODEBUJ1 _mBUJ _p63.00 _r0 _sY _tBOOK _u2016-10-20 _xSALUD _PP22 _0COMPRA _o.STAFF. Colección General Juliaca |
||
| 994 |
_aC0 _bPEPRU |
||
| 596 | _a1 3 | ||
| 999 |
_a610.73677 B85 1 2004 _wDEWEY _c46654 _i58753 _d46654 _e2019-8-11 _f2021-11-3 _g5 _lCCODEBUL1 _mBUL _n3 _p42.00 _q3 _r0 _sY _tBOOK _u2015-6-25 _xSALUD _zP22 _0COMPRA _o.STAFF. Colección Ciencias de la Salud |
||
| 999 |
_a610.73677 B85 1 2004 _wDEWEY _c2 _i60735 _d2019-11-22 _e2019-10-24 _f2021-11-3 _g6 _lCCODEBUL1 _mBUL _n6 _p36.00 _q3 _r0 _sY _tBOOK _u2015-6-25 _xSALUD _zP26 _0COMPRA _o.STAFF. Colección Ciencias de la Salud |
||
| 999 |
_a610.73677 B85 1 2004 _wDEWEY _c3 _i57637 _f2019-12-11 _g5 _lDISCARD _mBUL _p105.00 _r1 _sY _tBOOK _u2015-6-25 _xSALUD _PP22 _0COMPRA _o.STAFF. Colección Ciencias de la Salud |
||
| 999 |
_a610.73677 B85 1 2004 _wDEWEY _c4 _i57638 _f2019-12-11 _g4 _lDISCARD _mBUL _p105.00 _r1 _sY _tBOOK _u2015-6-25 _xSALUD _PP22 _0COMPRA _o.STAFF. Colección Ciencias de la Salud |
||
| 999 |
_a610.73677 B85 1 2005 _wDEWEY _c5 _i57757 _d2016-9-21 _e2016-9-21 _f2021-11-3 _g5 _lCCODEBUL1 _mBUL _n1 _p173.00 _r0 _sY _tBOOK _u2015-6-25 _xSALUD _zP22 _0COMPRA _o.STAFF. Colección Ciencias de la Salud |
||
| 999 |
_a610.73677 S61 2005 _wDEWEY _c3 _iFJ03105 _d2018-10-25 _f2022-1-25 _g4 _lCCODEBUJ1 _mBUJ _p63.00 _q2 _r0 _sY _tBOOK _u2015-9-8 _xSALUD _PP22 _0COMPRA _o.STAFF. Colección General Juliaca |
||
| 980 |
_81 _gALBERTO SANCHEZ Responsable de Automatización |
||